[Event "AUT-chT2M 2324"]
[Site "Austria"]
[Date "2024.03.17"]
[Round "8.3"]
[White "Huber, Martin Christian"]
[Black "Schernthaner, David"]
[Result "1-0"]
[WhiteElo "2346"]
[BlackElo "2299"]
[PlyCount "123"]
[EventDate "2023.11.03"]
[EventType "team-tourn"]
[EventRounds "11"]
[EventCountry "AUT"]
[SourceTitle "CB16_2024"]
[SourceDate "2024.04.17"]
[SourceVersion "1"]
[SourceVersionDate "2024.04.17"]
[SourceQuality "1"]
[WhiteTeam "Graz Schachfreunde"]
[BlackTeam "Fuerstenfeld/Hartberg"]
[WhiteTeamCountry "AUT"]
[BlackTeamCountry "AUT"]

1. Nf3 c5 2. c4 Nc6 3. Nc3 e5 4. e3 Nf6 5. Be2 d5 6. d4 cxd4 7. exd4 exd4 8. Nxd4 dxc4 9. Nxc6 Qxd1+ 10. Nxd1 bxc6 11. Bxc4 Be6 12. Bxe6 fxe6 13. 0-0 Bc5 14. Be3 Bb6 15. Rc1 Rc8 16. Re1 Kf7 17. b3 Nd5 18. Bc5 Rhd8 19. g3 Rc7 20. Nb2 Bxc5 21. Rxc5 Nb6 22. Re2 Rd6 23. Rec2 Ke7 24. Kf1 Kd7 25. Ke2 Rd5 26. R5c3 Re5+ 27. Kf1 Rf5 28. Kg2 Nd5 29. Rc4 Nb6 30. Re4 c5 31. Rce2 Rc6 32. Nd3 Rd6 33. g4 Rfd5 34. Nf4 Rd2 35. Nxe6 Rxe2 36. Nf8+ Kc6 37. Rxe2 Nd5 38. Kg3 h6 39. f4 Nxf4 40. Kxf4 Rf6+ 41. Kg3 Rxf8 42. Re7 g5 43. Rxa7 Kb6 44. Rh7 Rf6 45. h4 gxh4+ 46. Kxh4 Rg6 47. Kg3 Kb5 48. Kf4 c4 49. bxc4+ Kxc4 50. Rc7+ Kd5 51. Rc2 Rf6+ 52. Kg3 Ra6 53. Re2 Kd4 54. Kh4 Kd3 55. Rb2 Ke4 56. Kh5 Kf4 57. Rb4+ Kg3 58. a4 Kf3 59. a5 Rxa5+ 60. Kxh6 Ra6+ 61. Kh5 Ra8 62. g5 1-0

[Event "AUT-ch"]
[Site "Vienna"]
[Date "2023.07.30"]
[Round "9"]
[White "Balint, Peter1111"]
[Black "Schernthaner, David"]
[Result "1-0"]
[WhiteElo "2233"]
[BlackElo "2296"]
[PlyCount "185"]
[EventDate "2023.07.22"]
[EventType "swiss"]
[EventRounds "9"]
[EventCountry "AUT"]
[SourceTitle "CBM 215 Extra"]
[Source "ChessBase"]
[SourceDate "2023.09.30"]
[SourceVersion "1"]
[SourceVersionDate "2023.09.30"]
[SourceQuality "1"]

1. e4 c5 2. Nf3 e6 3. d4 cxd4 4. Nxd4 Nc6 5. Bf4 d6 6. Nxc6 bxc6 7. c4 e5 8. Be3 Nf6 9. f3 Be7 10. Be2 0-0 11. Nc3 Be6 12. 0-0 Qc7 13. Rc1 Qb7 14. b3 Rfd8 15. Qe1 d5 16. cxd5 cxd5 17. exd5 Nxd5 18. Nxd5 Bxd5 19. Qa5 Bb4 20. Qc7 Qxc7 21. Rxc7 a5 22. Bc4 Bxc4 23. Rxc4 Rac8 24. Rfc1 Rxc4 25. Rxc4 f6 26. Kf2 Rd1 27. Rc1 Rd7 28. Ke2 Kf7 29. Rc6 f5 30. g4 fxg4 31. fxg4 g6 32. h3 Ke7 33. Kf3 Rd1 34. Rc1 Rxc1 35. Bxc1 Ke6 36. Ke4 Be7 37. Bb2 Bd6 38. Bc3 Bc7 39. Bd2 Bb6 40. Be1 Bd8 41. Bf2 Bc7 42. Bc5 Bd8 43. Ba3 Bc7 44. Bc1 Bd6 45. Bb2 Bb8 46. Bc3 Bc7 47. a4 h5 48. Bd2 hxg4 49. hxg4 Kd6 50. Be1 Kc6 51. Bd2 Kd6 52. Bc1 Bb8 53. Ba3+ Kc6 54. Be7 Bc7 55. Bf8 Bb8 56. Ba3 Bd6 57. Bc1 Bb8 58. Bg5 Bc7 59. Be7 Kd7 60. Ba3 Ke6 61. Bc1 Kd6 62. Bb2 Kc5 63. Bc3 Kc6 64. Bxe5 Bd8 65. Bd4 Bc7 66. Be3 Bd6 67. Bf4 Bb4 68. Be5 Be1 69. Bd4 Bg3 70. Bc3 Bc7 71. b4 axb4 72. Bxb4 Bb8 73. Bc3 Bc7 74. Be5 Bd8 75. Kf4 Kd5 76. Bc3 Kc4 77. Be1 Bf6 78. Ke4 Kc5 79. Bd2 Kc6 80. Be3 Bg7 81. Bd4 Bf8 82. a5 Kb5 83. Bb6 Bb4 84. Ke5 Bd2 85. Kf6 g5 86. Kf5 Bc1 87. Ke5 Bf4+ 88. Ke4 Bc1 89. Be3 Ba3 90. Bd2 Be7 91. Ke5 Bd8 92. Kd6 Ka6 93. Bc3 1-0

[Event "AUT-ch"]
[Site "Vienna"]
[Date "2023.07.29"]
[Round "8"]
[White "Schernthaner, David"]
[Black "Baidetsky, Valentin"]
[Result "0-1"]
[WhiteElo "2296"]
[BlackElo "2492"]
[PlyCount "86"]
[EventDate "2023.07.22"]
[EventType "swiss"]
[EventRounds "9"]
[EventCountry "AUT"]
[SourceTitle "CBM 215 Extra"]
[Source "ChessBase"]
[SourceDate "2023.09.30"]
[SourceVersion "1"]
[SourceVersionDate "2023.09.30"]
[SourceQuality "1"]

1. d4 Nf6 2. c4 e6 3. Nc3 Bb4 4. Qc2 d6 5. Bd2 c6 6. a3 Ba5 7. e4 e5 8. d5 0-0 9. Be2 cxd5 10. cxd5 Bg4 11. f3 Bd7 12. Bd3 Bb6 13. Nge2 a5 14. Qc1 Na6 15. Bxa6 bxa6 16. Be3 Rb8 17. Rb1 Qc7 18. 0-0 Qa7 19. Bxb6 Rxb6 20. Qe3 Qb7 21. Nd1 Rb3 22. Nec3 Bb5 23. Rf2 Nd7 24. Qd2 Nc5 25. Nxb5 Qxb5 26. Ne3 Nd3 27. Nf5 Qd7 28. Re2 Rfb8 29. Re3 Nc5 30. Rxb3 Nxb3 31. Qc3 g6 32. Ne3 a4 33. Kh1 Rc8 34. Qd3 Qa7 35. h3 Kg7 36. Nd1 Qd4 37. Qxa6 Rc2 38. Nc3 Nc1 39. Qf1 Nd3 40. Ne2 Qe3 41. Ng3 h5 42. Kh2 h4 43. Nh1 Nf4 0-1

[Event "St Veit op 42nd"]
[Site "St Veit"]
[Date "2023.07.12"]
[Round "6"]
[White "Rogic, Davor"]
[Black "Schernthaner, David"]
[Result "1-0"]
[WhiteElo "2446"]
[BlackElo "2296"]
[PlyCount "65"]
[EventDate "2023.07.08"]
[EventType "swiss"]
[EventRounds "9"]
[EventCountry "AUT"]
[SourceTitle "CBM 215 Extra"]
[Source "ChessBase"]
[SourceDate "2023.09.30"]
[SourceVersion "1"]
[SourceVersionDate "2023.09.30"]
[SourceQuality "1"]

1. e4 c5 2. Nf3 d6 3. d4 cxd4 4. Nxd4 Nf6 5. Nc3 a6 6. h3 e5 7. Nf3 Be7 8. g4 Be6 9. g5 Nfd7 10. Be3 Nb6 11. Qd2 N8d7 12. h4 Rc8 13. h5 Nc4 14. Bxc4 Rxc4 15. Nh4 Nb6 16. 0-0-0 Rd4 17. Bxd4 Nc4 18. Qe2 exd4 19. Nd5 Bxg5+ 20. f4 Nxb2 21. fxg5 Nxd1 22. Kxd1 0-0 23. Qd2 Bxd5 24. exd5 d3 25. Qxd3 Qxg5 26. Nf5 h6 27. Qe4 Qf6 28. Rf1 Qd8 29. Rg1 Re8 30. Qg4 Qf6 31. Qxg7+ Qxg7 32. Rxg7+ Kf8 33. Rxf7+ 1-0

[Event "AUT-ch Rapid"]
[Site "Graz"]
[Date "2023.06.10"]
[Round "8"]
[White "Schernthaner, David"]
[Black "Schroll, Gerhard"]
[Result "0-1"]
[WhiteElo "2296"]
[BlackElo "2245"]
[PlyCount "116"]
[EventDate "2023.06.10"]
[EventType "swiss (rapid)"]
[EventRounds "9"]
[EventCountry "AUT"]
[SourceTitle "CBM 214 Extra"]
[Source "ChessBase"]
[SourceDate "2023.07.31"]
[SourceVersion "1"]
[SourceVersionDate "2023.07.31"]
[SourceQuality "1"]

1. e4 c6 2. d4 d5 3. e5 c5 4. dxc5 Nc6 5. Nf3 Bg4 6. c3 e6 7. Be3 Nge7 8. Bd4 Ng6 9. Nbd2 Be7 10. Bb5 0-0 11. Bxc6 bxc6 12. 0-0 f6 13. exf6 Bxf6 14. Bxf6 Qxf6 15. Qa4 Bxf3 16. Nxf3 Nf4 17. Ne1 e5 18. Rd1 e4 19. Kh1 Qh6 20. g3 Qh3 21. Rg1 e3 22. fxe3 Ne2 23. Nd3 Nxg1 24. Kxg1 Qe6 25. Re1 Rae8 26. Nf4 Qd7 27. Qd1 Re4 28. Qd3 Rfe8 29. b4 Qe7 30. Kf2 Qf6 31. Kg1 Rc4 32. Rf1 Qe5 33. Ng2 Qe4 34. Qxe4 Rexe4 35. Rc1 g5 36. Kf2 h6 37. Ne1 Re8 38. Nf3 Rce4 39. Re1 Kg7 40. Nd4 Rf8+ 41. Kg2 Rf6 42. a4 a6 43. h3 Kg6 44. Re2 h5 45. Rf2 Rxe3 46. Rc2 h4 47. gxh4 gxh4 48. Kh2 Kh5 49. a5 Rd3 50. Re2 Rxc3 51. Re5+ Kg6 52. Kg2 Rg3+ 53. Kh2 Rf2+ 54. Kh1 Rd3 55. Ne2 Rd1+ 56. Ng1 Rff1 57. Re6+ Kg5 58. Re5+ Kf4 0-1

[Event "AUT-ch Blitz"]
[Site "Graz"]
[Date "2023.06.09"]
[Round "10"]
[White "Baidetsky, Valentin"]
[Black "Schernthaner, David"]
[Result "1-0"]
[WhiteElo "2492"]
[BlackElo "2296"]
[PlyCount "64"]
[EventDate "2023.06.09"]
[EventType "swiss (blitz)"]
[EventRounds "11"]
[EventCountry "AUT"]
[SourceTitle "CBM 214 Extra"]
[Source "ChessBase"]
[SourceDate "2023.07.31"]
[SourceVersion "1"]
[SourceVersionDate "2023.07.31"]
[SourceQuality "1"]

1. e4 c5 2. Nf3 d6 3. d4 cxd4 4. Nxd4 Nf6 5. Nc3 a6 6. Bd3 g6 7. f3 Bg7 8. Be3 0-0 9. Qd2 Nc6 10. 0-0-0 Be6 11. Kb1 Nxd4 12. Bxd4 b5 13. g4 Qc7 14. h4 Rfc8 15. Ne2 a5 16. g5 Nh5 17. Bxg7 Kxg7 18. Bxb5 a4 19. c4 a3 20. b3 Kg8 21. Nd4 Qc5 22. Nxe6 fxe6 23. Bd7 Rf8 24. Bxe6+ Kh8 25. Bg4 Ng7 26. Qd4 Qa5 27. h5 Qxg5 28. h6 e5 29. hxg7+ Kxg7 30. Qxd6 h5 31. Bxh5 Rad8 32. Qc7+ Kg8 1-0

[Event "AUT-ch Blitz"]
[Site "Graz"]
[Date "2023.06.09"]
[Round "9"]
[White "Schernthaner, David"]
[Black "Blohberger, Felix"]
[Result "0-1"]
[WhiteElo "2296"]
[BlackElo "2501"]
[PlyCount "80"]
[EventDate "2023.06.09"]
[EventType "swiss (blitz)"]
[EventRounds "11"]
[EventCountry "AUT"]
[SourceTitle "CBM 214 Extra"]
[Source "ChessBase"]
[SourceDate "2023.07.31"]
[SourceVersion "1"]
[SourceVersionDate "2023.07.31"]
[SourceQuality "1"]

1. e4 e6 2. d4 d5 3. Nc3 Nf6 4. e5 Nfd7 5. f4 c5 6. Nf3 Nc6 7. Be3 a6 8. Be2 cxd4 9. Nxd4 Bc5 10. Qd2 Bxd4 11. Bxd4 Nxd4 12. Qxd4 Qb6 13. Qxb6 Nxb6 14. a4 Bd7 15. a5 Nc8 16. Bd3 Ne7 17. Ne2 g5 18. g3 h6 19. c3 Nc6 20. Nd4 Ke7 21. Kf2 gxf4 22. gxf4 f6 23. exf6+ Kxf6 24. Nxc6 Bxc6 25. Rhg1 Rhg8 26. Rg3 Bb5 27. Bc2 Rac8 28. Rh3 Ke7 29. Rxh6 Rcf8 30. f5 exf5 31. Re1+ Kd7 32. Rh7+ Kc8 33. Ree7 Bc6 34. Ref7 f4 35. Rxf8+ Rxf8 36. Re7 Kd8 37. Rh7 d4 38. cxd4 Rg8 39. Bf5 Rg2+ 40. Kf1 f3 0-1

[Event "AUT-chT2M 2223"]
[Site "Austria"]
[Date "2022.10.23"]
[Round "6.3"]
[White "Wanderer, Thomas"]
[Black "Schernthaner, David"]
[Result "0-1"]
[WhiteElo "2231"]
[BlackElo "2277"]
[PlyCount "56"]
[EventDate "2022.09.30"]
[EventType "team-tourn"]
[EventRounds "11"]
[EventCountry "AUT"]
[SourceTitle "EXT 2024"]
[Source "ChessBase"]
[SourceDate "2023.10.10"]
[SourceVersion "1"]
[SourceVersionDate "2023.10.10"]
[SourceQuality "1"]
[WhiteTeam "Gleisdorf"]
[BlackTeam "Fuerstenfeld/Hartberg"]
[WhiteTeamCountry "AUT"]
[BlackTeamCountry "AUT"]

1. Nf3 c5 2. b3 d6 3. d4 cxd4 4. Nxd4 Nf6 5. g3 e5 6. Nf3 Nc6 7. Bg2 d5 8. 0-0 Bc5 9. Bb2 Qe7 10. e3 e4 11. Nd4 Ne5 12. h3 h5 13. h4 Bg4 14. Qc1 g5 15. Ba3 b6 16. hxg5 Nh7 17. f4 exf3 18. Bxc5 bxc5 19. Nxf3 Nxf3+ 20. Bxf3 Qe5 21. Nd2 Nxg5 22. Kf2 Bxf3 23. Nxf3 Ne4+ 24. Ke2 Qc3 25. Rg1 Rg8 26. Qe1 Qxc2+ 27. Nd2 c4 28. bxc4 dxc4 0-1

[Event "Wch U18"]
[Site "Mamaia"]
[Date "2022.09.14"]
[Round "9"]
[White "Baum, Jonasz"]
[Black "Schernthaner, David"]
[Result "1-0"]
[WhiteElo "2414"]
[BlackElo "2305"]
[PlyCount "59"]
[EventDate "2022.09.06"]
[EventType "swiss"]
[EventRounds "11"]
[EventCountry "ROU"]
[SourceTitle "CBM 210 Extra"]
[Source "ChessBase"]
[SourceDate "2022.11.30"]
[SourceVersion "1"]
[SourceVersionDate "2022.11.30"]
[SourceQuality "1"]

1. d4 Nf6 2. c4 g6 3. g3 Bg7 4. Bg2 d5 5. cxd5 Nxd5 6. e4 Nb6 7. Ne2 c5 8. d5 0-0 9. 0-0 e6 10. Nec3 exd5 11. exd5 Na6 12. a4 Bf5 13. g4 Bxb1 14. Rxb1 Nb4 15. d6 Be5 16. Ne4 Nc4 17. Bg5 f6 18. Bxf6 Rxf6 19. Qb3 Rf4 20. Qxc4+ Kg7 21. Qxc5 Nc6 22. h3 Bd4 23. Qd5 Qb6 24. Ng5 Bxf2+ 25. Kh1 Kh8 26. d7 Rf6 27. Rbd1 Raf8 28. Ne4 R6f7 29. Nxf2 Rxf2 30. Rxf2 1-0

[Event "Wch U18"]
[Site "Mamaia"]
[Date "2022.09.13"]
[Round "8"]
[White "Schernthaner, David"]
[Black "Niedbala, Bartlomiej"]
[Result "1/2-1/2"]
[WhiteElo "2305"]
[BlackElo "2407"]
[PlyCount "57"]
[EventDate "2022.09.06"]
[EventType "swiss"]
[EventRounds "11"]
[EventCountry "ROU"]
[SourceTitle "CBM 210 Extra"]
[Source "ChessBase"]
[SourceDate "2022.11.30"]
[SourceVersion "1"]
[SourceVersionDate "2022.11.30"]
[SourceQuality "1"]

1. e4 c5 2. Nf3 d6 3. d4 cxd4 4. Nxd4 Nf6 5. Nc3 a6 6. Bg5 Nbd7 7. Qe2 h6 8. Bh4 g6 9. f4 e5 10. fxe5 dxe5 11. 0-0-0 Qc7 12. Nb3 b5 13. Rxd7 Nxd7 14. Nd5 Qb8 15. Bf6 Rg8 16. Na5 g5 17. Qf3 Rg6 18. Be2 g4 19. Qc3 Rxf6 20. Nxf6+ Nxf6 21. Qc6+ Nd7 22. Bxg4 Ra7 23. Bh5 Kd8 24. Rd1 Bb4 25. Qf6+ Kc7 26. Qc6+ Kd8 27. Qf6+ Kc7 28. Qc6+ Kd8 29. Qf6+ 1/2-1/2

[Event "St Veit op 41st"]
[Site "St Veit"]
[Date "2022.07.13"]
[Round "6"]
[White "Schwab, Lukas"]
[Black "Schernthaner, David"]
[Result "1/2-1/2"]
[WhiteElo "2166"]
[BlackElo "2319"]
[PlyCount "44"]
[EventDate "2022.07.09"]
[EventType "swiss"]
[EventRounds "9"]
[EventCountry "AUT"]
[SourceTitle "CBM 209 Extra"]
[Source "ChessBase"]
[SourceDate "2022.09.30"]
[SourceVersion "1"]
[SourceVersionDate "2022.09.30"]
[SourceQuality "1"]

1. e4 e6 2. d4 d5 3. Nd2 c5 4. exd5 Qxd5 5. Ngf3 cxd4 6. Bc4 Qd7 7. a4 Nc6 8. 0-0 Nf6 9. Nb3 a6 10. Nbxd4 Nxd4 11. Qxd4 Qxd4 12. Nxd4 Bd7 13. c3 Rc8 14. Be2 e5 15. Nc2 Bd6 16. Bg5 Ke7 17. Ne3 Be6 18. Bf3 Rb8 19. Nd5+ Bxd5 20. Bxd5 h6 21. Bxf6+ Kxf6 22. Rfd1 Rhd8 1/2-1/2

[Event "Graz"]
[Site "Graz"]
[Date "2022.05.28"]
[Round "7"]
[White "Schernthaner, David"]
[Black "Kristoferitsch, Daniel"]
[Result "1/2-1/2"]
[WhiteElo "2279"]
[BlackElo "2306"]
[PlyCount "70"]
[EventDate "2022.05.20"]
[EventType "tourn"]
[EventRounds "9"]
[EventCountry "AUT"]
[EventCategory "1"]
[SourceTitle "CBM 208 Extra"]
[Source "ChessBase"]
[SourceDate "2022.07.31"]
[SourceVersion "1"]
[SourceVersionDate "2022.07.31"]
[SourceQuality "1"]

1. d4 Nf6 2. Nf3 e6 3. Bf4 b6 4. e3 Bb7 5. Bd3 Be7 6. h3 0-0 7. Nbd2 c5 8. c3 d6 9. 0-0 Nc6 10. Qe2 cxd4 11. exd4 Re8 12. Rad1 Bf8 13. Ba6 Qc8 14. Bxb7 Qxb7 15. a4 h6 16. Rfe1 a6 17. Ra1 b5 18. axb5 axb5 19. Bg3 d5 20. b4 Ra4 21. Rxa4 bxa4 22. Ra1 Ra8 23. Ne1 Qd7 24. f3 Qa7 25. Kh1 Nd8 26. Nd3 Nd7 27. Nc5 Bxc5 28. dxc5 a3 29. Nb3 Qa4 30. Nd4 a2 31. Qb2 e5 32. Nb3 Qa3 33. Qc2 Qa4 34. Qb2 Qa3 35. Qc2 Qa4 1/2-1/2

[Event "Graz"]
[Site "Graz"]
[Date "2022.05.21"]
[Round "3"]
[White "Bratkovic, Sham"]
[Black "Schernthaner, David"]
[Result "0-1"]
[WhiteElo "2178"]
[BlackElo "2279"]
[PlyCount "88"]
[EventDate "2022.05.20"]
[EventType "tourn"]
[EventRounds "9"]
[EventCountry "AUT"]
[EventCategory "1"]
[SourceTitle "CBM 208 Extra"]
[Source "ChessBase"]
[SourceDate "2022.07.31"]
[SourceVersion "1"]
[SourceVersionDate "2022.07.31"]
[SourceQuality "1"]

1. e4 c5 2. Nf3 d6 3. d4 cxd4 4. Nxd4 Nf6 5. Nc3 a6 6. h3 e5 7. Nde2 h5 8. Bg5 Be6 9. Bxf6 Qxf6 10. Nd5 Qd8 11. Nec3 g6 12. Bc4 Bh6 13. Qf3 Nd7 14. Rd1 0-0 15. 0-0 Rc8 16. Bb3 Nc5 17. Rfe1 Kg7 18. Na4 Bxd5 19. Nxc5 Bxb3 20. Nxb3 Rxc2 21. Re2 Rc6 22. Nd2 b5 23. a3 Qb6 24. Nb1 Rc4 25. Nc3 Rd4 26. Rxd4 Qxd4 27. Nd5 f5 28. Nc7 Qc4 29. Nxa6 fxe4 30. Qxe4 Qxe4 31. Rxe4 Rc8 32. Rb4 Rc6 33. Nb8 Rb6 34. Nd7 Rb7 35. a4 Rxd7 36. Rxb5 Kf7 37. a5 Ra7 38. b4 Ke6 39. Rb6 Bg5 40. a6 Bd8 41. Rc6 Kd7 42. b5 Rc7 43. b6 Kxc6 44. b7 Rxb7 0-1